| 000 | 00513nam a22001817a 4500 | ||
|---|---|---|---|
| 003 | OSt | ||
| 005 | 20140310182802.0 | ||
| 008 | 130213t xxu||||| |||| 00| 0 eng d | ||
| 020 | _a9780143034681 | ||
| 050 |
_aRJ 506.A9 _b.K636 2005 |
||
| 100 | _aKoegel, Lynn Kern. | ||
| 245 |
_aOvercoming autism / _cLynn Kern Koegel & Claire LaZebnik. |
||
| 260 |
_aNew York, N.Y., U.S.A. : _bPenguin Books,2005, _c2004. |
||
| 300 |
_a xxiii, 310 p. : _c 21 cm. |
||
| 521 | _aEDU | ||
| 942 |
_2lcc _cBK _kFOR |
||
| 999 |
_c15994 _d15994 |
||